书目信息 |
| 题名: |
凉拌菜
|
|
| 作者: | 陈志敏 , 刘志全 主编 | |
| 分册: | ||
| 出版信息: | 郑州 河南科学技术出版社 2004 |
|
| 页数: | 61页 | |
| 开本: | 21×19cm | |
| 丛书名: | ||
| 单 册: | ||
| 中图分类: | TS972.121 | |
| 科图分类: | ||
| 主题词: | 凉菜 , 菜谱 , 凉菜--菜谱--中国 | |
| 电子资源: | ||
| ISBN: | 7-5349-2958-X | |
| 000 | 00809nam0 2200253 450 | |
| 001 | 002741661 | |
| 005 | 20061113084558.03 | |
| 010 | @a7-5349-2958-X@dCNY18.00 | |
| 100 | @a20041010d2004 em y0chiy0110 ea | |
| 101 | 0 | @achi |
| 102 | @aCN@b410000 | |
| 105 | @aa z 000yy | |
| 200 | 1 | @a凉拌菜@9liang ban cai@f陈志敏,刘志全主编 |
| 210 | @a郑州@c河南科学技术出版社@d2004 | |
| 215 | @a61页@d21×19cm | |
| 330 | @a本书介绍了蔬菜类、肉类、禽蛋类、豆制品类、水产类、下水类、食用菌类、水果类、西餐凉拌菜等九大类几百种具有南北风味的凉拌菜制作方法。 | |
| 606 | 0 | @a凉菜 |
| 606 | 0 | @a菜谱 |
| 606 | 0 | @a凉菜@x菜谱@y中国 |
| 690 | @aTS972.121@v4 | |
| 701 | 0 | @a陈志敏@9chen zhi min@c(烹饪)@4主编 |
| 701 | 0 | @a刘志全@9liu zhi quan@c(烹饪)@4主编 |
| 801 | 0 | @aCN@bNLC@c20061113 |
| 905 | @a10447@dTS972.121@e157 | |
| 凉拌菜/陈志敏,刘志全主编.-郑州:河南科学技术出版社,2004 |
| 61页;21×19cm |
| ISBN 7-5349-2958-X:CNY18.00 |
| 本书介绍了蔬菜类、肉类、禽蛋类、豆制品类、水产类、下水类、食用菌类、水果类、西餐凉拌菜等九大类几百种具有南北风味的凉拌菜制作方法。 |
| ● |
| 相关链接 |
|
|
|
|
正题名:凉拌菜
索取号:TS972.121/157
 
预约/预借
| 序号 | 登录号 | 条形码 | 馆藏地/架位号 | 状态 | 备注 |
| 1 | 0384136 | 203841361 | 第二样本阅览室/ [索取号:TS972.121/157] | 在馆 | |
| 2 | 0384137 | 203841370 | 第三借阅区/ [索取号:TS972.121/157] | 在馆 | |
| 3 | 0384138 | 203841389 | 第三借阅区/ [索取号:TS972.121/157] | 在馆 | |
| 4 | 0384139 | 203841398 | 第三借阅区/ [索取号:TS972.121/157] | 在馆 | |
| 5 | 0384140 | 203841405 | 第三借阅区/ [索取号:TS972.121/157] | 在馆 |